| 000 | 00683nam a2200169Ia 4500 | ||
|---|---|---|---|
| 003 | GCL | ||
| 008 | 140319s9999 xx 000 0 ara d | ||
| 040 |
_aGCL / _cGCL |
||
| 082 | 0 | 4 |
_a810.80382 _bا ر |
| 100 | 1 | _aابن قيم الجوزية: شمس الدين ابو عبدالله محمد بن ابى بكر | |
| 245 | 1 | 0 |
_aروضة المحبين ونزعة المشتاقين / _cابن قيم الجوزية: شمس الدين ابو عبدالله محمد بن ابى بكر |
| 260 |
_aبيروت : _bدار الكتب العلمية للنشر والتوزيع ، _c1992 |
||
| 300 | _a488 ص | ||
| 490 | _a | ||
| 650 | 0 | 4 | _aالفقه الاسلامى |
| 942 |
_2ddc _cBK |
||
| 999 |
_c48548 _d48548 |
||